Normal view
MARC view
- قضايا معاصرة- تربية الطفل
Entry Topical Term
001 - CONTROL NUMBER
- control field: 60701
003 - CONTROL NUMBER IDENTIFIER
- control field: JO-AjAnu
005 - DATE AND TIME OF LATEST TRANSACTION
- control field: 20230606083924.0
008 - FIXED-LENGTH DATA ELEMENTS
- fixed length control field: 230606|| aca||aabn | a|a d
040 ## - CATALOGING SOURCE
- Original cataloging agency: JO-AjAnu
- Transcribing agency: JO-AjAnu
150 ## - HEADING--TOPICAL TERM
- Topical term or geographic name entry element: قضايا معاصرة- تربية الطفل
670 ## - SOURCE DATA FOUND
- Source citation: Work cat.: (JO-AjAnu)30954: الحريري، رافدة, author 60700, قضايا معاصرة في تربية الطفل ما قبل المدرسة